Industrial robotics : technology, programming, and applications
Industrial Robotics encompasses the entire spectrum of the state of the art. It provides a unique, interdisciplinary treatment of robotics-showing the contributions of the various fields of mechanical, electrical, and industrial engineering, and computer science, to robotics. The authors bring it al...
Guardat en:
| Format: | Llibre |
|---|---|
| Idioma: | Undetermined |
| Publicat: |
New York, NY
McGraw-Hill
1986
|
| Matèries: | |
| Etiquetes: |
Afegir etiqueta
Sense etiquetes, Sigues el primer a etiquetar aquest registre!
|
| Thư viện lưu trữ: | Trung tâm Học liệu Trường Đại học Cần Thơ |
|---|
| LEADER | 00952nam a2200193Ia 4500 | ||
|---|---|---|---|
| 001 | CTU_95080 | ||
| 008 | 210402s9999 xx 000 0 und d | ||
| 082 | |a 629.892 | ||
| 082 | |b I.42 | ||
| 245 | 0 | |a Industrial robotics : | |
| 245 | 0 | |b technology, programming, and applications | |
| 245 | 0 | |c Mikell P. Groover ... [et al.] | |
| 260 | |a New York, NY | ||
| 260 | |b McGraw-Hill | ||
| 260 | |c 1986 | ||
| 520 | |a Industrial Robotics encompasses the entire spectrum of the state of the art. It provides a unique, interdisciplinary treatment of robotics-showing the contributions of the various fields of mechanical, electrical, and industrial engineering, and computer science, to robotics. The authors bring it all together from design to use. And there is no shirking from peripheral activities such as CAD-CAM and artificial intelligence. | ||
| 650 | |a Robots, industrial. | ||
| 904 | |i Năm | ||
| 980 | |a Trung tâm Học liệu Trường Đại học Cần Thơ | ||